| 000 | 00660nam a22002057a 4500 | ||
|---|---|---|---|
| 003 | 0 | ||
| 005 | 20251107161411.0 | ||
| 008 | 251107b xxu||||| |||| 00| 0 eng d | ||
| 020 | _a0-380-75836-9 | ||
| 050 |
_aPS 3560.A6178 _b.J36 1991 |
||
| 100 |
_aJance, J.A., _eauthor. |
||
| 245 |
_aPayment in kind / _cJ.A. Jance. |
||
| 260 |
_aNew York, NY : _bAvon Books, _c1991. |
||
| 300 |
_a330 pages ; _c18 cm. |
||
| 650 | _aDetective and mystery fiction. | ||
| 650 |
_aBeaumont, J. P. (Fictitious character) _xFiction. |
||
| 650 |
_aDetectives _zWashington (State) _zSeattle _xFiction. |
||
| 650 |
_aPolice _zWashington (State) _zSeattle _xFiction. |
||
| 942 |
_2lcc _cBK |
||
| 999 |
_c368517 _d368517 |
||